00357nam a2200145Ia 45000030006000000080041000060400015000471000028000622450029000902500006001192600049001253000006001745460014001800050017001940STCL150530s9999 xx 000 0 und d aSTCLcSTCL aPadmanabha Pillai, K.M. aKalvariyile Kalpapadapam a8 bEducational Supplies Depot; Trivandrumc1966 a0 aMalayalam20220125170742.0